000 00325nam a2200133Ia 4500
005 20251222153623.0
008 251222s9999||||xx |||||||||||||| ||spa||
082 _a985.063.3/G72
100 _aGonzález Prada, Rodrigo Machado
245 0 _aLos Potros de Atila:
250 _a1ra. ed.
264 _bMosca Azul
942 _cLIB
999 _c32060
_d32060